Movies Quiz

Random Movies or Cast Quiz
Score 0/12 Timer 04:00
0 Plays Today
Character Actor % Correct
ArielJodi Benson
99.1%
SebastianSamuel E. Wright
76.9%
UrsulaPat Carroll
70.4%
Prince EricChristopher Daniel Barnes
64.8%
GrimsbyBen Wright
63.9%
ScuttleBuddy Hackett
61.1%
King TritonKenneth Mars
60.2%
FlounderJason Marin
50.9%
FlotsamPaddi Edwards
47.2%
JetsamPaddi Edwards
47.2%
Chef LouieRene Auberjonois
46.3%
CarlottaEdie McClurg
43.5%

You're not logged in!

Compare scores with friends on all Sporcle quizzes.
OR
Log In

Sporcle TV

Today on Sporcle TV


Watch our educational content, quiz creation guides, and fun videos on Sporcle TV.

Show Comments

Extras

Top Quizzes Today


Score Distribution

Paid Content

Your Account Isn't Verified!

In order to create a playlist on Sporcle, you need to verify the email address you used during registration. Go to your Sporcle Settings to finish the process.

Report this User

Report this user for behavior that violates our Community Guidelines.

Details: